All Weather Alerts - Statistics

General Stats
  • This quiz has been taken 39 times
  • The average score is 22 of 42
Answer Stats
Group Answer % Correct
Fog/Wind/Severe Weather Tornado Warning
93%
Flooding Flood Warning
87%
Fog/Wind/Severe Weather Severe Thunderstorm Warning
87%
Flooding Flash Flood Warning
80%
Fog/Wind/Severe Weather High Wind Warning
80%
Fog/Wind/Severe Weather Tornado Watch
80%
Winter/Cold Weather Freeze Warning
73%
Fog/Wind/Severe Weather Severe Thunderstorm Watch
73%
Excessive Heat Excessive Heat Warning
67%
Excessive Heat Heat Advisory
67%
Tropical Hurricane Warning
67%
Fire Weather Red Flag Warning
67%
Tropical Tropical Storm Warning
67%
Winter/Cold Weather Winter Storm Warning
67%
Winter/Cold Weather Blizzard Warning
60%
Fog/Wind/Severe Weather Dense Fog Advisory
60%
Tropical Hurricane Watch
60%
Flooding Flash Flood Watch
53%
Flooding Flood Watch
53%
Tropical Tropical Storm Watch
53%
Fog/Wind/Severe Weather Wind Advisory
53%
Marine Gale Warning
47%
Fog/Wind/Severe Weather High Wind Watch
47%
Winter/Cold Weather Winter Weather Advisory
47%
Excessive Heat Excessive Heat Watch
40%
Fog/Wind/Severe Weather Extreme Wind Warning
40%
Fire Weather Fire Weather Watch
40%
Winter/Cold Weather Freeze Watch
40%
Winter/Cold Weather Ice Storm Warning
40%
Marine Small Craft Advisory
40%
Marine Special Marine Warning
40%
Winter/Cold Weather Winter Storm Watch
40%
Flooding Coastal Flood Advisory
33%
Flooding Coastal Flood Warning
33%
Marine Hurricane Force Wind Warning
33%
Winter/Cold Weather Wind Chill Advisory
33%
Winter/Cold Weather Wind Chill Warning
33%
Winter/Cold Weather Frost Advisory
27%
Flooding River Flood Warning
27%
Marine Storm Warning
27%
Flooding Coastal Flood Watch
20%
Flooding River Flood Watch
13%
No matching quizzes found
Score Distribution
Percent of People with Each Score
Percentile by Number Answered
Your Score History
You have not taken this quiz